| 000 | 01145nam a2200253Ia 4500 | ||
|---|---|---|---|
| 003 | OSt | ||
| 005 | 20220930204432.0 | ||
| 006 | a|||||r|||| 00| 0 | ||
| 007 | ta | ||
| 008 | 220926b |||||||| |||| 00| 0 hin d | ||
| 024 | _a56622 | ||
| 037 | _cDissertations | ||
| 040 |
_aCRL _cCRL _bhin |
||
| 041 |
_2hin _ahin |
||
| 100 | _aसन्तोष कुमार, ले. | ||
| 110 | _aदिल्ली विश्वविद्यालय. कला संकाय. हिंदी विभाग | ||
| 245 | 0 |
_aविद्यासागर नौटियाल की कहानियों में चित्रित नारी जीवन (संदर्भ _b फट जा पंचधार) |
|
| 246 | _aVidyāsāgar nauṭiyāl kī kahāniyoan mean chitrit nārī jīvan ;sandarbharū faṭ jā panchadhāraddha | ||
| 260 | _c2018 | ||
| 300 |
_a116 पृ. _ccm. |
||
| 700 | _aदिल्ली विश्वविद्यालय. कला संकाय. हिंदी विभाग | ||
| 942 |
_cDIS _2CC |
||
| 999 |
_c906030 _d906030 |
||